000 00631nam a22002057a 4500
005 20260101120716.0
010 _aENG-147378
020 _a9789373596204
_c599.00
035 _aEN-130910
037 _bDBAD
082 _2880
_a1
100 _aVaidwan, Rohit
_986168
245 _aTGT & PGT English/
_cRohit Vaidwan
250 _a1
260 _aUttar Pradesh
_bS. Chand Publishing
_c2025
270 _aD-92, Sector-2, Noida
_bUttar Pradesh
_e201301
_k120-4682700
300 _a437p.
_bill.
_c24cm(pb)
500 _aFor DSSSB, KVS, NVS, EMRS, HTET, UP TGT & PGT 2000+ PYQ's
942 _2ddc
_cEN
_mVAI
_h880
999 _c213980
_d213980